Measuring the effect of steering techniques on value creation in architectural design (Record no. 107081)
[ view plain ]
| 000 -LEADER | |
|---|---|
| fixed length control field | 01087cam a22002175a 4500 |
| 001 - CONTROL NUMBER | |
| control field | L138250 |
| 008 - FIXED-LENGTH DATA ELEMENTS--GENERAL INFORMATION | |
| fixed length control field | 070524e2006 xxk f 100 0 eng d |
| 035 ## - SYSTEM CONTROL NUMBER | |
| System control number | (Sirsi) u138250 |
| 041 0# - LANGUAGE CODE | |
| Language code of text/sound track or separate title | eng |
| 100 1# - MAIN ENTRY--PERSONAL NAME | |
| Personal name | Volker, L. |
| 245 00 - TITLE STATEMENT | |
| Title | Measuring the effect of steering techniques on value creation in architectural design |
| Medium | [electronic resource] |
| 260 ## - PUBLICATION, DISTRIBUTION, ETC. | |
| Date of publication, distribution, etc. | 2006 |
| 490 #0 - SERIES STATEMENT | |
| Series statement | COBRA |
| Volume/sequential designation | 2006 |
| 520 ## - SUMMARY, ETC. | |
| Summary, etc. | Discusses the connection between steering activities and value creation in architectural design. Discusses how architectural value can be seen as the sum of its complementary parts or more holistically as a whole, and how different kinds of steering influences different kinds of values. |
| 650 24 - SUBJECT ADDED ENTRY--TOPICAL TERM | |
| Topical term or geographic name entry element | BUILT ENVIRONMENT-CONSTRUCTION DESIGN-ARCHITECTURAL DESIGN |
| 690 ## - LOCAL SUBJECT ADDED ENTRY--TOPICAL TERM (OCLC, RLIN) | |
| Topical term or geographic name as entry element | INTERNATIONAL |
| 700 1# - ADDED ENTRY--PERSONAL NAME | |
| Personal name | Prins, M. |
| 711 2# - ADDED ENTRY--MEETING NAME | |
| Meeting name or jurisdiction name as entry element | Construction and Building Research Conference |
| Location of meeting | University College London, London |
| Date of meeting or treaty signing | 7-8 September 2006 |
| 856 40 - ELECTRONIC LOCATION AND ACCESS | |
| Uniform Resource Identifier | <a href="https://www.rics.org/site/scripts/download_info.aspx?downloadID=2920">https://www.rics.org/site/scripts/download_info.aspx?downloadID=2920</a> |
| Public note | View the item free of charge at www.rics.org... |
| 942 ## - ADDED ENTRY ELEMENTS (KOHA) | |
| Suppress in OPAC | 0 |
| Withdrawn status | Lost status | Source of classification or shelving scheme | Damaged status | Not for loan | Home library | Current library | Shelving location | Date acquired | Total Checkouts | Full call number | Barcode | Date last seen | Copy number | Price effective from | Koha item type |
|---|---|---|---|---|---|---|---|---|---|---|---|---|---|---|---|
| Dewey Decimal Classification | Virtual | Virtual | Online | 24/05/2007 | ONLINE PUBLICATION | 138250-2001 | 06/08/2019 | 1 | 06/08/2019 | Book |